[Event "Checkmate Covid Rematch"]
[Site "Chess.com INT"]
[Date "2021.06.06"]
[Round "?"]
[White "Badacsonyi, Frankie"]
[Black "Punnett, Alan Kenneth"]
[Result "1-0"]
[WhiteElo "1511"]
[BlackElo "2022"]
[PlyCount "25"]
[EventDate "2021.06.05"]
[EventType "swiss (blitz)"]
[EventRounds "20"]
[EventCountry "ENG"]
[SourceTitle "CBM 202 Extra"]
[Source "ChessBase"]
[SourceDate "2021.07.31"]
[SourceVersion "1"]
[SourceVersionDate "2021.07.31"]
[SourceQuality "1"]

1. d4 Nf6 2. g4 Nxg4 3. e4 c5 4. Qxg4 cxd4 5. c3 Nc6 6. Bb5 Qa5 7. Bxc6 bxc6 8. Qd1 dxc3 9. Nxc3 Ba6 10. Be3 g6 11. Qd4 e5 12. Qa4 Qb6 13. Bxb6 1-0

[Event "Checkmate Covid Rematch"]
[Site "Chess.com INT"]
[Date "2021.06.06"]
[Round "?"]
[White "Rendle, Thomas E"]
[Black "Punnett, Alan Kenneth"]
[Result "1-0"]
[WhiteElo "2365"]
[BlackElo "2022"]
[PlyCount "43"]
[EventDate "2021.06.05"]
[EventType "swiss (blitz)"]
[EventRounds "20"]
[EventCountry "ENG"]
[SourceTitle "CBM 202 Extra"]
[Source "ChessBase"]
[SourceDate "2021.07.31"]
[SourceVersion "1"]
[SourceVersionDate "2021.07.31"]
[SourceQuality "1"]

1. f4 d5 2. Nf3 c5 3. g3 Nc6 4. Bg2 g6 5. 0-0 Bg7 6. d3 Nf6 7. Nc3 0-0 8. e4 dxe4 9. dxe4 Bg4 10. e5 Nd7 11. Ne4 Nd4 12. c3 Nxf3+ 13. Bxf3 Bxf3 14. Qxf3 Qc7 15. Be3 b6 16. Rad1 Rad8 17. e6 fxe6 18. Ng5 Ne5 19. Qe4 Rxd1 20. Rxd1 Ng4 21. Qxe6+ Kh8 22. Qxg4 1-0

[Event "BCF-chT2b 1920 (4NCL)"]
[Site "Daventry"]
[Date "2020.02.29"]
[Round "1.75"]
[White "Punnett, Alan Kenneth"]
[Black "Murphy, Hugh"]
[Result "1-0"]
[WhiteElo "2011"]
[BlackElo "2121"]
[PlyCount "103"]
[EventDate "2020.01.11"]
[EventType "team-tourn"]
[EventRounds "11"]
[EventCountry "ENG"]
[SourceTitle "CBM 195 Extra"]
[Source "ChessBase"]
[SourceDate "2020.05.31"]
[SourceVersion "1"]
[SourceVersionDate "2020.05.31"]
[SourceQuality "1"]
[WhiteTeam "Guildford III"]
[BlackTeam "Grantham Sharks II"]
[WhiteTeamCountry "ENG"]
[BlackTeamCountry "ENG"]

1. e4 c6 2. Nc3 d5 3. Nf3 a6 4. h3 e6 5. d4 Bb4 6. e5 c5 7. a3 Bxc3+ 8. bxc3 Qa5 9. Qd2 Qa4 10. Be2 Ne7 11. 0-0 Nbc6 12. Rd1 0-0 13. Rb1 b5 14. Bd3 Ng6 15. h4 cxd4 16. cxd4 Qa5 17. Qg5 Qd8 18. Qg3 f5 19. h5 Nh8 20. Bg5 Qe8 21. Bf6 Ra7 22. a4 b4 23. c3 Qxh5 24. cxb4 f4 25. Qh4 Qxh4 26. Bxh4 h6 27. b5 Na5 28. b6 Rd7 29. Rdc1 g5 30. Nxg5 hxg5 31. Bxg5 Bb7 32. Kf1 Nc6 33. Rxc6 Bxc6 34. Bxa6 Bxa4 35. Rc1 Nf7 36. Bf6 Nd8 37. Rc7 Kf7 38. Ke2 Ke8 39. Rc8 Rxf6 40. exf6 Bc6 41. Rc7 e5 42. dxe5 Ne6 43. b7 Bxb7 44. Rxb7 Nc5 45. Rb6 Ra7 46. Bb5+ Kf7 47. Kf3 Ra2 48. Rd6 Rd2 49. Bc6 d4 50. Bd5+ Kg6 51. f7+ Kg7 52. Rd8 1-0

[Event "BCF-chT2 1718 (4NCL) Promotion pool"]
[Site "England"]
[Date "2018.05.05"]
[Round "9.16"]
[White "Cioara, Andrei Nestor"]
[Black "Punnett, Alan Kenneth"]
[Result "1-0"]
[WhiteElo "2450"]
[BlackElo "2063"]
[PlyCount "119"]
[EventDate "2017.11.11"]
[EventType "team-tourn"]
[EventRounds "11"]
[EventCountry "ENG"]
[SourceTitle "EXT 2020"]
[Source "ChessBase"]
[SourceDate "2019.10.17"]
[SourceVersion "1"]
[SourceVersionDate "2019.10.17"]
[SourceQuality "1"]
[WhiteTeam "Manx Liberty"]
[BlackTeam "Guildford III"]
[WhiteTeamCountry "ENG"]
[BlackTeamCountry "ENG"]

1. d4 Nf6 2. c4 e6 3. g3 Bb4+ 4. Bd2 Be7 5. Bg2 d5 6. Nf3 c6 7. 0-0 0-0 8. Bf4 Nbd7 9. Nc3 b6 10. Ne5 Bb7 11. Qa4 Nxe5 12. dxe5 Nd7 13. cxd5 cxd5 14. h4 h6 15. h5 Nc5 16. Qc2 Rc8 17. Rfd1 Bg5 18. Qd2 Bxf4 19. Qxf4 Qg5 20. Qxg5 hxg5 21. Nb5 Ba6 22. Nd6 Rcd8 23. e4 Nxe4 24. Nxe4 dxe4 25. Bxe4 Be2 26. Rxd8 Rxd8 27. f3 f5 28. exf6 gxf6 29. g4 f5 30. Re1 Rd2 31. gxf5 exf5 32. Bxf5 Kg7 33. Kf2 Bc4+ 34. Kg3 Bxa2 35. b4 Kf6 36. Be4 a5 37. Rc1 Bd5 38. Bxd5 Rxd5 39. Rc6+ Kf5 40. Rxb6 axb4 41. Rxb4 Rd1 42. Rb5+ Kf6 43. Rb6+ Kf5 44. Rb8 Rd4 45. Rf8+ Ke6 46. h6 Rh4 47. f4 Rxh6 48. fxg5 Rh1 49. Kg4 Ke7 50. Rf2 Ke6 51. g6 Ke7 52. Kg5 Rh3 53. g7 Rg3+ 54. Kh6 Rh3+ 55. Kg6 Rg3+ 56. Kh7 Rh3+ 57. Kg8 Re3 58. Rh2 Rg3 59. Kh8 Kf7 60. Rf2+ 1-0

[Event "BCF-ch Seniors 50"]
[Site "Llandudno"]
[Date "2017.08.05"]
[Round "7"]
[White "Smith, Peter R"]
[Black "Punnett, Alan Kenneth"]
[Result "1/2-1/2"]
[WhiteElo "2062"]
[BlackElo "2043"]
[PlyCount "43"]
[EventDate "2017.07.30"]
[EventType "swiss"]
[EventRounds "7"]
[EventCountry "WLS"]
[SourceTitle "CBM 179 Extra"]
[Source "ChessBase"]
[SourceDate "2017.08.23"]
[SourceVersion "1"]
[SourceVersionDate "2017.08.23"]
[SourceQuality "1"]

1. e4 e6 2. d3 c5 3. Nf3 Nc6 4. g3 Nge7 5. Bg2 g6 6. 0-0 Bg7 7. c3 0-0 8. Be3 d6 9. Qd2 Rb8 10. Bh6 b5 11. Bxg7 Kxg7 12. h4 h5 13. Re1 Qb6 14. Na3 Ne5 15. Nc2 N7c6 16. d4 cxd4 17. cxd4 Ng4 18. b4 a5 19. Rab1 Bd7 20. a3 axb4 21. Nxb4 Na5 22. Nd3 1/2-1/2

[Event "BCF-ch Seniors 50"]
[Site "Llandudno"]
[Date "2017.07.31"]
[Round "2"]
[White "Chapman, Terry PD"]
[Black "Punnett, Alan Kenneth"]
[Result "1/2-1/2"]
[WhiteElo "2250"]
[BlackElo "2043"]
[PlyCount "95"]
[EventDate "2017.07.30"]
[EventType "swiss"]
[EventRounds "7"]
[EventCountry "WLS"]
[SourceTitle "CBM 179 Extra"]
[Source "ChessBase"]
[SourceDate "2017.08.23"]
[SourceVersion "1"]
[SourceVersionDate "2017.08.23"]
[SourceQuality "1"]

1. Nf3 d5 2. d4 Nf6 3. c4 dxc4 4. e3 Bg4 5. Bxc4 e6 6. h3 Bh5 7. g4 Bg6 8. Ne5 Nbd7 9. Nxg6 hxg6 10. Nc3 Nb6 11. Be2 Bd6 12. Bf3 c6 13. b3 Nbd5 14. Nxd5 exd5 15. Bg2 Qe7 16. f3 Nd7 17. 0-0 Qh4 18. Qe1 0-0-0 19. Qxh4 Rxh4 20. e4 Re8 21. e5 Bb4 22. Bg5 Rhh8 23. Be3 Nf8 24. f4 f5 25. Kf2 Ne6 26. Kg3 Be7 27. g5 Kd7 28. Rh1 Bb4 29. Rac1 Ba5 30. h4 Bb6 31. Rcd1 Ke7 32. Bf3 Kf7 33. b4 a6 34. Rh2 Rh7 35. Be2 Reh8 36. Bf2 Ke7 37. Kf3 Kd7 38. a3 Rf8 39. Rhh1 Rhh8 40. Rd3 Rh7 41. Kg3 Rfh8 42. Bd1 Kc7 43. Bc2 Rh5 44. Bb3 Kd7 45. a4 Kc7 46. Kf3 Kd7 47. Ba2 R5h7 48. Bb3 1/2-1/2